A good place to start: the IDS knowledge services guide to finding development information online (Record no. 44790)

MARC details
000 -LEADER
fixed length control field 00848nam a2200217 a 4500
008 - FIXED-LENGTH DATA ELEMENTS--GENERAL INFORMATION
fixed length control field 081202s2007 ||||||||||||||||| || u
020 ## - INTERNATIONAL STANDARD BOOK NUMBER
International Standard Book Number 9781858646243
050 ## - LIBRARY OF CONGRESS CALL NUMBER
Classification number Z 711.47 Goo
100 ## - MAIN ENTRY--PERSONAL NAME
Personal name Brown, Cheryl
245 12 - TITLE STATEMENT
Title A good place to start: the IDS knowledge services guide to finding development information online
Statement of responsibility, etc. Hurst, Gabrielle; Brown, Cheryl (eds.)
260 ## - PUBLICATION, DISTRIBUTION, ETC.
Place of publication, distribution, etc. Brighton, UK:
Name of publisher, distributor, etc. IDS
Date of publication, distribution, etc. 2007
300 ## - PHYSICAL DESCRIPTION
Extent 84p.: ill.
350 ## - PRICE (NR) (BK AM CF MU VM SE) [OBSOLETE]
Price 0.00
490 ## - SERIES STATEMENT
Series statement IDS knowledge services
650 ## - SUBJECT ADDED ENTRY--TOPICAL TERM
Topical term or geographic name entry element ELECTRONIC REFERENCE SERVICES
650 ## - SUBJECT ADDED ENTRY--TOPICAL TERM
Topical term or geographic name entry element DEVELOPMENT INFORMATION--ONLINE SERVICES
650 ## - SUBJECT ADDED ENTRY--TOPICAL TERM
Topical term or geographic name entry element SCHOLARLY WED SITES
650 #0 - SUBJECT ADDED ENTRY--TOPICAL TERM
Topical term or geographic name entry element AFRICA--ECONOMIC CONDITIONS
700 ## - ADDED ENTRY--PERSONAL NAME
Personal name Hurst, Gabrielle
995 ## - RECOMMENDATION 995 [LOCAL, UNIMARC FRANCE]
-- 0.00
-- CBU-MAIN LIBRARY (Kitwe)
-- 1
-- 0.00
-- 1
-- REFERENCE
-- Mar 24, 2009
-- Reference Collection
Holdings
Withdrawn status Lost status Source of classification or shelving scheme Damaged status Not for loan Home library Current library Shelving location Date acquired Total Checkouts Full call number Barcode Date last seen Price effective from Koha item type
          CBU-MAIN LIBRARY, KITWE. CBU-MAIN LIBRARY, KITWE.   11/30/2022   Z 711.47 Goo 739282 11/30/2022 11/30/2022 MONOGRAPH